Field inspection handbook : an on-the-job guide for construction inspectors, contractors, architects, and engineers
Sparad:
| Huvudupphovsman: | |
|---|---|
| Övriga upphovsmän: | |
| Materialtyp: | Bok |
| Språk: | Spanish |
| Publicerad: |
New York : McGraw-Hill,
c1986.
|
| Ämnen: | |
| Taggar: |
Lägg till en tagg
Inga taggar, Lägg till första taggen!
|
MARC
| LEADER | 00000nam a2200000Ia 4500 | ||
|---|---|---|---|
| 003 | 003861 | ||
| 005 | 20240116115849.0 | ||
| 008 | 140114s1986 nyua 000 ||spa d | ||
| 020 | |a 0070079323 | ||
| 040 | |c cru CEDI | ||
| 082 | |a 690.028 F453f | ||
| 100 | |a Brock, Dan S. |d Editor |9 2199 | ||
| 245 | |a Field inspection handbook : an on-the-job guide for construction inspectors, contractors, architects, and engineers | ||
| 260 | |a New York : McGraw-Hill, |c c1986. | ||
| 300 | |a 1 volumen : ilustraciones ; 24 cm. | ||
| 650 | |x INGENIERÍA - INSTRUMENTOS |x INGENIERÍA - ADMINISTRACIÓN |x INDUSTRIA DE LA CONSTRUCCION - ADMINISTRACION | ||
| 700 | |a Sutcliffe, Lystre L. |d Editor |9 2200 | ||
| 942 | |2 ddc |c LIBRO |h 690.028 F453f |i 003861 |6 690_028000000000000_F453F_003861 | ||
| 999 | |c 12694 |d 12694 | ||



